| 000 | 00377nam a2200157 a 4500 | ||
|---|---|---|---|
| 001 | 1200 | ||
| 005 | 20180713181251.0 | ||
| 008 | 140415s1980 sp 000 0 spa d | ||
| 041 | _aspa | ||
| 082 |
_a346.0166 _bDIV |
||
| 245 | 0 | 0 | _aDIVORCIO |
| 250 | _a3a ed. | ||
| 260 |
_aESPAÑA : _bEUNSA, _c1980 |
||
| 300 | _a216 | ||
| 650 | 1 | 4 |
_aABANDONO DEL HOGAR _xDIVORCIO |
| 999 |
_c1200 _d1200 |
||